El montacargas /

Na minha lista:
Detalhes bibliográficos
Autor principal: Dard, Frédéric (autor)
Formato: Livro
Idioma:espanhol
Publicado em: Madrid, España : Siruela, 2019, c2019
coleção:(Libros del Tiempo ; 370)
Assuntos:
Acesso em linha:Ver documento en línea
Tags: Adicionar Tag
Sem tags, seja o primeiro a adicionar uma tag!

MARC

LEADER 00000nam^a2200000^a^4500
001 000425687
005 20251023000000.0
009 20260310122722.768
022 |a 9788417624910 
037 |a Acervo ITESO - Biblioteca 
041 |a ESP 
082 |a 843.  |b DAR 
100 |a Dard, Frédéric  |e (autor) 
240 1 4 |a [El montacargas] 
245 1 3 |a El montacargas /  |c F. Dard ; tr. por Vanesa García Carzola. 
264 4 |a Madrid, España :  |b Siruela,  |c 2019, c2019 
264 2 |a Cartagena, España :  |b Odilo [distribución],  |c 2021 
300 |a 1 libro electrónico en línea (1 v. sin paginación) 
300 |a 1 recurso en línea 
336 |a datos para computadora  |b cod  |2 rdacontenido 
337 |a computadora  |b c  |2 rdamedio 
338 |a recurso en línea  |b cr  |2 rdasoporte 
440 1 |a (Libros del Tiempo ;  |v 370) 
500 |a Traducción de: Le monte-charge 
506 1 |a 1 licencia 
521 |a Odilo 2021 Estudiantes 
545 0 |a Frédéric Dard (Bourgoin-Jallieu, 1921 – Bonnefontaine, Friburgo, Suiza, 2000), uno de los escritores franceses más prolíficos y populares del siglo XX, con más de 300 novelas en su haber, ubicadas en los géneros de espionaje, misterio y, en menor grado, terror. Se distinguió por parodiar situaciones reales, con utilización de expresiones locales propias de su país natal e invención de palabras nuevas, que pueden dificultar su comprensión a lectores sin un conocimiento suficiente del francés. Autor de la nutrida serie de 175 títulos de Antoine San-Antonio, comisario de los servicios secretos franceses: Réglez-lui son compte! [¡Ponlo en marcha!] (1949) y Lâche-le, il tiendra tout seul [Déjalo ir, se mantendrá por si solo] (1999) demarcan el inicio y fin de un ciclo en el que figuran Clientes para la morgue (1953), Estar muerto y no saberlo (1955), ¡Votad a Berurier! (1964) y ¡Bravo, doctor Berú! (1968). Al margen de su célebre personaje aparecen novelas como Plomo para las señoritas (1951), Los granujas van al infierno (1956), De espaldas a la pared (1956), Los brazos de la noche (1956), El verdugo llora (1957, Gran Premio de la Literatura Policíaca), Seguro de muerte (1957), Ojos para llorar (1957), Mi maldita piel blanca (1958), Coma (1959), Los desalmados (1959), Cita en casa de un cobarde (1959), Dinamita para beber (1959), Los gamberros (1960), Los pájaros también mueren (1960), El accidente (1961), El montacargas (1961), La pesadilla del alba (1961), El hombre de la avenida (1962), Crimen en la hierba (1962), Alguien caminaba sobre mi tumba (1963), Rehacer su vida (1965), Por un instante de belleza (1966), Iniciación al asesinato (1971) y La dama que recibía en su casa (1976). Numerosas veces llevado al cine y televisión, además de escritor de guiones originales, colaboró en Evasión (1950), adaptación escénica de La nieve estaba sucia (1948), novela de Georges Simenon. 
649 |a XX 
650 |a Novela Francesa 
650 |a Literatura Policíaca y de Misterio -  |z Francia 
650 |a Literatura Francesa -  |y Siglo XX 
856 4 0 |u https://iteso-odilotk-es.ezproxy.iteso.mx/opac?id=01883899  |y Ver documento en línea 
910 |a Fondo General 
920 |a Electrónicos - Libros en Línea 
930 |a Plataforma Digital 
940 |a Literatura 
905 |a 205 
901 |a 425687-1  |b IT2  |c EBO  |i C174509  |u 20250521 
902 |a https://opac.biblio.iteso.mx/vufind/Record/000425687